À quelle heure ? Clic Quiz - Statistiques

Statistiques générales
  • Ce quiz a été pris 125 fois
  • Le résultat moyen est 8 sur 20
Statistiques - réponses
Hint Réponse % Correct
À quelle heure est votre rendez-vous (parmi les propositions) si on vous dit qu'il est à deux heures moins le quart 13h45
81%
Heure du coucher du soleil à Paris le 26 juin 2025 21H58
76%
Chanson de Jacques Dutronc de 1968 : Il est ...
-Je suis le dauphin de la place Dauphine
-Et la place Blanche a mauvaise mine
-Les camions sont pleins de lait
-Les balayeurs sont pleins de balais
-Il est .............
-Paris s'éveille
-Paris s'éveille
05h00
70%
Si vous visionnez en entier sans interruption à partir de 8h00 du matin le film Titanic de 1997 dans sa version officielle, quelle heure sera-t-il quand vous aurez fini le visionnage ? 11H15
70%
Heure moyenne en France Métropolitaine quand sonne chaque premier mercredi du mois l'alarme pour les essais mensuels des sirènes du Système d'alerte et d'informations aux populations (SAIP) 12H00
67%
Heure en France Métropolitaine de l'annonce des premières estimations du résultat du 2e tour des élections présidentielles de 2017 et 2022 20H00
58%
Heure dans la série TV 24 Heures chrono à laquelle démarre le premier épisode 00H00
57%
Heure en France Métropolitaine du coup d'envoi de la finale de la Coupe du Monde France Brésil le 12 juillet 1998 21H00
54%
Heure en France Métropolitaine du coup d'envoi de la finale de la Coupe du Monde France Croatie le 15 juillet 2018 17H00
46%
Heure en France Métropolitaine du débarquement des troupes américaines le 6 Juin 1944 sur les plages normandes (Heure H Opération Overlord sur les plages d'Utah et Omaha) 06H30
40%
À quelle heure (en France Métropolitaine) François Hollande s'est t-il adressé en direct le 13 novembre 2015 à la Nation dans une allocution solennelle qualifiant les attaques en cours « d'horreur » ? 23H53
36%
Heure en France Métropolitaine du lancement du flash d’information sur France 2 le 11 Septembre 2001 dans lequel David Pujadas commente les premières images des attentats du WTC en direct 15H33
28%
Heure locale quand la première bombe atomique explosa à Hiroshima le 6 août 1945 08H16
25%
Heure en France Métropolitaine de l'exécution de Louis XVI le lundi 21 janvier 1793 10H22
22%
Heure en France Métropolitaine quand l'incendie de Notre-Dame de Paris se déclara le 15 avril 2019 18H20
22%
Heure locale quand le réacteur n°4 de Tchernobyl explosa le 26 avril 1986 01H23
12%
Heure dans le film Conjuring les Dossiers Warren quand tous les 24h les événements paranormaux se déchaînent sur la famille Perron 03H07
10%
Heure en France Métropolitaine du Communiqué de Laeticia Hallyday transmis à l'AFP le 6 décembre 2017 annonçant la mort de Johnny Hallyday 02H34
7%
Heure en France Métropolitaine quand Neil Armstrong effectua le premier pas sur la Lune le 21 juillet 1969 03H56
7%
Si vous visionnez en entier sans interruption à partir de 10h00 du matin le film Shoah de Claude Lanzmann dans sa version la plus longue, quelle heure sera-t-il quand vous aurez fini le visionnage ? 19H26
6%
Aucun quiz correspondant
Distribution des résultats
% des personnes avec chaque résultat
Percentile par nombre de réponses
Votre historique - résultats
Vous n’avez pas pris ce quiz